00299nam a2200121Ia 4500008004100000100001600041245003800057260003700095300000900132650001200141942000700153999001700160190216s9999||||xx |||||||||||||| ||und|| aMahtews P T 0aIntroduction To Quantum Mechanics bTata Mcgrawhill Publishersc1990 a208p aPhysics cBK c33216d33216